000 03288cam a22005174i 4500
003 PE-LiUPU
005 20250731173433.0
008 150706s r 000 0 d
020 _a9780829762532
035 _a(Sirsi) i9780829762532
040 _aPE-LiUPU
_bspa
_cPE-LiUPU
_erda
049 _aPRUA
082 0 4 _a253.09173
_bK38
_221
100 1 _aKeller, Timothy J.,
_d1950- ,
_eautor.
245 1 0 _aIglesia centrada :
_bcómo ejercer un ministerio equilibrado y centrado en el evangelio en su ciudad /
_cTimothy Keller.
264 1 _aMiami, Florida :
_bVida,
_c2012.
300 _a407 páginas :
_bilustraciones ;
_c23 cm.
336 _atext
_2rdacontent
337 _aunmediated
_2rdamedia
338 _avolume
_2rdacarrier
500 _aTitulo original: Center church : doing balanced, gospel-centered ministry in your city.
505 0 _aEl evangelio -- Teología del evangelio -- El evangelio no lo es todo -- El evangelio no es algo simple -- El evangelio afecta todo -- Renovación del evangelio -- La necesidad de una renovación del evangelio -- La esencia de la renovación del evangelio -- La obra de la renovación del evangelio -- La ciudad -- Contextualización del evangelio -- Contextualización intencional -- Contextualización equilibrada -- Contextualización bíblica -- Contextualización activa -- Visión de la ciudad -- La tensión de la ciudad -- La redención y la ciudad -- El llamado a la ciudad -- El evangelio para la ciudad -- Compromiso cultural -- La crisis cultural de la iglesia -- Las respuestas culturales de la iglesia -- Por qué todos los modelos son correctos. e incorrectos -- Compromiso cultural mediante percepciones combinadas -- El movimiento -- Comunidad misional -- La búsqueda de la iglesia misional -- Cómo centrar a la iglesia misional -- Cómo equipar a la gente para una vida misional -- Ministerio integrador -- El equilibrio de los frentes del ministerio -- Cómo conectar a las personas con Dios -- Cómo conectar a las personas unas con otras -- Cómo conectar a las personas con la ciudad -- Cómo conectar a las personas con la cultura -- Dinámicas del movimiento -- Movimientos e instituciones -- La iglesia como organismo organizado -- El establecimiento de iglesias como una dinámica del movimiento -- La ciudad y el ecosistema del evangelio.
526 _aSEG42
526 _aSEG41
526 _aSEG40
526 _aSEG39
526 _aP94
526 _aP87
526 _aP86
526 _aP85
526 _aP77
526 _aP76
526 _aP35
541 _g001-0000702;
650 0 4 _aMisiones de ciudad.
650 0 4 _aIglesias de ciudad.
650 0 4 _aTrabajo de la Iglesia.
650 0 4 _aEvangelísmo.
_9953
700 1 _aJaramillo, Athala,
_etr.
910 _agl
_clch
_d20131114
942 _2ddc
_cBOOK
949 _a253.09173 K38
_wDEWEY
_c1
_i68465
_lCCODEBUL1
_mBUL
_p23.00
_r0
_sY
_tBOOK
_u2015-7-6
_xTEOLOGIA
_PP35
_o.STAFF. Colección General
994 _aC0
_bPEPRU
596 _a1
999 _a253.09173 K38
_wDEWEY
_c55848
_i68465
_d55848
_f2021-11-10
_g5
_lCCODEBUL1
_mBUL
_p23.00
_q1
_r0
_sY
_tBOOK
_u2015-7-6
_xTEOLOGIA
_PP35
_0COMPRA
_o.STAFF. Colección General
980 _81
_gALBERTO SANCHEZ Responsable de Automatización